000 00832nam a2200253Ia 4500
003 OSt
005 20220918171321.0
006 a|||||r|||| 00| 0
007 ta
008 220917b |||||||| |||| 00| 0 eng d
020 _a9781474482226 (hbk)
_cUKP 95.00
024 _a354,258
037 _b117178, 29/12/2021, International Book Distributors
_cTextual
040 _aARTS
_cARTS
_beng
041 _2eng
_aeng
082 _aNA491,8v, R2
100 _aPatel Alka Au.
_935743
245 0 _aIran to India
_b the shansbanis of Afghanistan c.1145-1190 CE
260 _aEdinburgh
_bEdinburgh University Press UK
_c2022
300 _axiii,402p.
_ccm.
650 _aARCHITECTURE
942 _hNA491,8v, R2
_cTEXL
_2CC
999 _c139006
_d139006